[Event "Interzonal-16"]
[Site "Biel"]
[Date "1993.??.??"]
[Round "5"]
[White "Polgar, Judit"]
[Black "Hellers, Ferdinand"]
[Result "1-0"]
[WhiteElo "2630"]
[BlackElo "2560"]
[Annotator "Ftacnik,L"]
[PlyCount "77"]
[EventDate "1993.07.16"]
[EventType "swiss"]
[EventRounds "13"]
[EventCountry "SUI"]
[SourceTitle "CBM 037"]
[Source "ChessBase"]
[SourceDate "1993.12.01"]
[SourceVersion "1"]
[SourceVersionDate "1993.12.01"]
[SourceQuality "1"]

1. e4 {Hellers} c5 2. Nf3 d6 3. d4 cxd4 4. Nxd4 Nf6 5. Nc3 a6 6. f4 e6 7. Bd3
Nbd7 8. Qf3 g6 (8... Qb6 $5 9. a3 Nc5 10. b4 $1 Nxd3+ 11. Qxd3 Be7 12. Bb2 O-O
13. O-O-O e5 14. Nf5 Bxf5 15. exf5 exf4 16. g4 $1 h6 17. h4 Nxg4 18. Nd5 Qd8
19. Rhg1 Ne5 $1 20. Qe4 Kh8 $8 21. Rxg7 $2 (21. f6 $1 Bxf6 22. Nxf6 Qxf6 23.
Rxd6 Qxd6 24. Bxe5 $18) 21... Kxg7 22. Rg1+ Kh8 23. Qxf4 Kh7 24. Nxe7 $17 {
Mokry,K-Arnason,J/Manila ol/1992/}) (8... Nc5 9. O-O Nxd3 10. cxd3 Be7 11. Be3
O-O 12. g4 Kh8 13. g5 Nd7 14. Qh5 g6 15. Qh6 Rg8 16. Nxe6 fxe6 17. Bd4+ Nf6 18.
Qh4 Rf8 19. Nd5 e5 20. fxe5 Nxd5 21. e6+ Kg8 22. exd5 Rf5 23. Rxf5 gxf5 24. Qh5
$18 {Takk-Turke/corr/1968/}) 9. Nb3 (9. g4 Bg7 10. Be3 e5 11. Nde2 exf4 12.
Qxf4 Ne5 13. h3 O-O 14. Ng3 Be6 15. O-O Bxg4 16. hxg4 Nfxg4 17. Kg2 Bh6 18.
Qxh6 Nxh6 19. Bxh6 Re8 20. Nd5 Re6 21. Nf4 Re8 22. Nd5 Re6 $13 {0,5/Bronstein,
L-Giardelli,S/Argentina ch (4)/1989/}) 9... Bg7 10. Be3 O-O 11. g4 Rb8 $5 (
11... b5 12. e5 Nxg4 $5 13. Qxg4 (13. Qxa8 Nxe3 $132) 13... dxe5 14. O-O f5 15.
Qg2 e4 16. Be2 Bb7 $44) (11... Qc7 {Hellers /\ b5}) 12. h4 (12. Ba7 Ra8 13. Be3
) 12... b5 (12... h5 13. gxh5 Nxh5 14. O-O-O b5 $13) 13. h5 Bb7 (13... gxh5 $2
14. g5 Ng4 15. Rxh5 Nxe3 16. Qxe3 $16) (13... Qc7 {Hellers}) 14. hxg6 hxg6 (
14... fxg6 15. O-O-O $40) 15. O-O-O (15. Qh3 b4 16. Ne2 Re8 17. Ng3 Nf8 $13)
15... b4 16. Ne2 a5 (16... d5 17. e5 $1 d4 18. Qh3 Bxh1 19. exf6 Nxf6 20. Rxh1
dxe3 21. g5 Nh5 22. Ng3 f5 (22... Qb6 23. Nxh5 gxh5 24. Bh7+ $1 Kh8 25. Qxh5
Rfd8 26. Qxf7 $18) 23. Nxh5 gxh5 24. Qxh5 Qe8 25. Qh7+ Kf7 26. Be2 Rh8 27. Bh5+
Kf8 28. Qxh8+ Bxh8 29. Bxe8 $18) 17. g5 Nh5 18. Bb5 (18. Nbd4 {Hellers} a4 19.
Rxh5 $1 gxh5 20. Qxh5 Re8 21. f5 $16) 18... Ba8 (18... Bxe4 19. Qxe4 Rxb5 20.
Rxd6 (20. Qc6 Rd5 21. Rxd5 exd5 22. Qxd5 Re8 23. Rh3 a4 24. Nbd4 Nb6 25. Qb5
Qd7 26. Qxd7 Nxd7 $13) 20... Qc7 21. Rhd1 Nb8 22. Qd3 $16) 19. Ba4 Nb6 (19...
d5 $2 20. Rxh5 $1 gxh5 21. Qxh5 Re8 22. Rh1 Re7 23. Bxd7 Qxd7 24. f5 exf5 25.
Qh7+ Kf8 26. exf5 f6 27. gxf6 Rxe3 28. Rg1 $18) 20. Bxb6 Qxb6 21. Rxh5 gxh5 22.
Ng3 (22. Qxh5 $2 Qe3+ 23. Kb1 Bxe4 $19) (22. Rh1 Rfc8 23. Rxh5 Qc7 24. Qd3 (24.
Nd2 b3 25. Bxb3 a4 $19) 24... Qc4 $17) 22... Rfc8 23. Nxh5 Qc7 24. Nd4 (24. Rd2
Bxb2+ $1 25. Kxb2 $140 Qc3+ 26. Qxc3 bxc3+ $19) (24. Nd2 b3 25. Bxb3 a4 $19)
24... Bxd4 (24... b3 25. Bxb3 a4 26. Nf6+ $1 (26. Bxa4 Bxd4 (26... Rb4 27. Nf6+
$1 Kf8 28. Bb3) 27. Rxd4 Qb6 28. Nf6+ Kg7 29. Qd3 Qxb2+ 30. Kd1 Rh8 $13) 26...
Kf8 (26... Bxf6 27. gxf6 Bxe4 28. Qxe4 $18) 27. Bxa4 (27. Bxe6 Bxf6 28. gxf6
Qb6 29. Qa3 fxe6 30. Nxe6+ Kf7 $13) 27... Rb4 28. Bb3 $16) 25. Rxd4 Bc6 26.
Bxc6 (26. Bb3 a4 27. Bc4 Bb5 $17) 26... Qxc6 27. Qd3 Rd8 (27... Rb6 28. f5 $40)
(27... a4 $5 {Hellers Fedorowicz} 28. Rxd6 Qc5 $36) 28. Rc4 (28. f5 Rbc8 29.
Nf6+ Kf8 30. fxe6 fxe6 31. Qd1 $40) (28. f5 $1 $40 {Hellers}) 28... Qb6 29. b3
Kf8 (29... Rbc8 $2 30. Nf6+ Kg7 (30... Kf8 $2 31. Nd7+ Rxd7 32. Rxc8+ $18) 31.
Qh3 Rh8 32. Rxc8 $3 Qg1+ 33. Kd2 $1 $18 Rxh3 $140 34. Rg8#) 30. Nf6 Ke7 31. Rd4
(31. f5 Qg1+ 32. Kb2 Qxg5) 31... Rbc8 32. e5 d5 (32... Rc3 33. exd6+ Rxd6 34.
Rxd6 Qxd6 35. Qxd6+ Kxd6 36. Ne4+ Kd5 37. Nxc3+ bxc3 38. Kd1 Ke4 39. a4 (39. a3
$2 Kxf4 40. b4 axb4 41. axb4 Ke4 42. Ke2 Kd4 43. b5 Kc5 44. Kd3 Kxb5 45. Kxc3
Kc5 46. Kd3 Kd5 47. c4+ Ke5 48. Ke3 Kf5 49. c5 e5 $10) 39... Kxf4 40. b4 $1 Ke5
(40... axb4 41. a5 $18) 41. b5 Kd5 42. Ke2 e5 43. Kd3 $18) (32... Qc6 $1 {
Hellers /\ dxe5} 33. Rc4 Qb7 $15 {/\ dxe5}) 33. g6 Rc3 34. Qd1 Rdc8 (34... fxg6
35. Qh1 Rf8 36. Rxd5 Rxc2+ 37. Kb1 Rc7 (37... Rb2+ 38. Kxb2 Qf2+ 39. Kb1 exd5
40. Qh7+ Rf7 41. Nxd5+ Ke6 42. Qxg6+ Kxd5 43. Qxf7+ Ke4 44. Qc4+ $18) 38. Qh7+
Rf7 39. Qxg6 $40) 35. Rd2 (35. g7 Rxc2+ (35... Rg3 $6 36. Rxd5 Rxg7 37. Rd7+
Kf8 38. Kb2 a4 39. bxa4 Rg2 40. Rxf7+ $1 $18) 36. Qxc2 Rxc2+ 37. Kxc2 Qxd4 38.
g8=Q Qf2+ $10) 35... Rg3 $2 (35... Qe3 36. g7 $1 (36. Kb1 Qg3 (36... fxg6 37.
Rxd5 $18 exd5 38. Nxd5+ Ke8 39. Nxe3 Rxe3 40. Qg1 $18) 37. gxf7 Qg6 38. Ne8 Rg3
39. Nd6 (39. Kb2 Rg1 40. Qf3 Rc3 $19) 39... Rg1 40. Nxc8+ Kxf7 $17) 36... Rxc2+
(36... Qg3 37. g8=Q Rxg8 38. Nxg8+ Qxg8 39. Qf1 Qg3 40. Qa6 Qxf4 41. Qd6+ Ke8
42. Qb8+ Kd7 43. Qd6+ Kc8 44. Qa6+ Kc7 45. Qxa5+ Kd7 46. Qa7+ Rc7 47. Qd4 $10)
37. Qxc2 Qg1+ 38. Kb2 Rxc2+ 39. Rxc2 Qxg7 40. Rc8 Qg2+ 41. Kc1 (41. Rc2 $10 {
Hellers}) 41... Qf1+ 42. Kc2 Qe2+ 43. Kc1 $10) 36. Rxd5 $1 Rxg6 (36... Rxc2+
37. Qxc2 Qe3+ 38. Rd2 $18) (36... Rg1 {Hellers} 37. Rd7+ Kf8 38. Rxf7#) 37.
Rd7+ Kf8 38. Rxf7+ $1 Kxf7 39. Qd7+ (39. Qd7+ Kf8 40. Qxc8+ Kg7 41. Qg8+ Kh6
42. Qh8#) 1-0

[Event "Interzonal-15"]
[Site "Manila"]
[Date "1990.??.??"]
[Round "5"]
[White "Adams, Michael"]
[Black "Yudasin, Leonid"]
[Result "0-1"]
[WhiteElo "2590"]
[BlackElo "2615"]
[Annotator "Ftacnik,L"]
[PlyCount "93"]
[EventDate "1990.06.29"]
[EventType "swiss"]
[EventRounds "13"]
[EventCountry "PHI"]
[SourceTitle "CBM 019"]
[Source "ChessBase"]
[SourceDate "1990.12.01"]
[SourceVersion "1"]
[SourceVersionDate "1990.12.01"]
[SourceQuality "1"]

1. e4 c5 2. Nc3 d6 3. Nge2 a6 4. d4 cxd4 5. Nxd4 Nf6 6. f4 e6 7. Nf3 Nbd7 8.
Bd3 b5 9. a3 (9. e5 $5 dxe5 10. fxe5 Ng4 11. Bf4 (11. Be4 Rb8 12. Bf4 b4) 11...
Bb7 $5 $13 (11... Qc7 12. Qe2 b4 13. Nd1 $5 (13. Na4 Bb7 14. h3 Nh6 $13))) 9...
Bb7 10. O-O Be7 11. Qe1 Rc8 12. Kh1 Nc5 $5 13. b4 $5 (13. Bd2 $10) 13... Nxd3
14. cxd3 O-O 15. Be3 (15. Bb2 Qb6 $15) (15. Bd2 $5) 15... Nd7 16. Rc1 Bf6 17.
Bd4 (17. Qd2 $5) 17... e5 $1 18. fxe5 Nxe5 $1 (18... dxe5 19. Be3 $10) 19. Nxe5
(19. Qe3 $5) 19... dxe5 20. Bc5 Be7 21. Bxe7 (21. Qe3 Bxc5 22. bxc5 Qa5 $5 (
22... Qd7)) 21... Qxe7 22. Qe3 Qd6 23. Ne2 g6 24. h3 Rfd8 25. Rfd1 (25. Qa7 Rd7
$1 26. Rxc8+ Bxc8 27. Qa8 Rd8 28. Qa7 Be6 $17) (25. Rxc8 Bxc8 26. Nc1 Be6 $15)
25... Rxc1 $1 26. Nxc1 $8 (26. Qxc1 $2 Bxe4) 26... Qc7 27. Rf1 Qc3 28. Qa7 Rd7
29. Qb8+ Kg7 30. Ne2 $1 (30. Qe8 $2 Qc7) 30... Qb2 (30... Qc7 31. Qxc7 Rxc7 32.
Rc1 $15) 31. Rf2 $2 (31. Qe8 $1 Bc6 32. Ng3 Qd4 (32... f6 33. Rf3 $1) 33. Rf3
Qd6) 31... f6 32. Qe8 Rf7 33. d4 $138 Qxa3 $138 (33... Bxe4 34. dxe5 Qxe5 35.
Qxe5 fxe5 36. Rxf7+ Kxf7 37. Nc3 $15) 34. Kh2 (34. dxe5 Qa1+ 35. Kh2 Qxe5+ 36.
Qxe5 fxe5 37. Rxf7+ Kxf7 38. Nc3 a5 $1 $19) 34... Qe3 (34... Qb2 $2 35. Nf4 $1
$18) (34... Qa1 $17) 35. dxe5 Qxf2 36. e6 Rf8 $8 (36... Bxe4 37. Qxf7+ Kh6 38.
Qf8+ Kh5 39. Qc5+ Qxc5 40. bxc5 $18) 37. Qd7+ (37. Qe7+ Kg8 38. Ng3 Qb6 $19)
37... Kh6 38. Ng3 $1 (38. e7 Rh8 39. Ng3 Qf4 40. Qd8 Rxd8 41. exd8=Q Kg5) 38...
Bxe4 (38... Qb6 39. e7 Ra8 40. e8=Q Rxe8 41. Qxe8 Qd6 $19) 39. Nxe4 $8 Qf4+ 40.
Ng3 Qb8 41. e7 Re8 42. Kh1 f5 $2 (42... Qc8 $2 43. Qxc8 Rxc8 44. Ne4 $1 Re8 45.
Nxf6 Rxe7 46. Ng8+ $18) (42... Rxe7 $1 43. Qxe7 (43. Nf5+ gxf5 44. Qxe7 Kg6 $19
) 43... Qxg3 44. Qxf6 Qe1+ 45. Kh2 Qxb4 $19) 43. Ne2 $1 Qc8 44. Qd6 Kg7 (44...
Qb7 45. Nd4 Qe4 46. Nc6 f4 47. Qd7 $10) 45. Nf4 $2 (45. Nd4 $1 Qc1+ (45... Kf7
46. Nc6) 46. Kh2 Qe3 47. Nc6 $13) 45... Kf7 46. Nd5 Qe6 47. Qd8 (47. Qc5 Qe1+
48. Kh2 Qe5+) 0-1

[Event "EU-ch 6th"]
[Site "Warsaw"]
[Date "2005.06.21"]
[Round "4"]
[White "Nisipeanu, Liviu Dieter"]
[Black "Babula, Vlastimil"]
[Result "1-0"]
[WhiteElo "2670"]
[BlackElo "2584"]
[Annotator "Ftacnik,L"]
[PlyCount "53"]
[EventDate "2005.06.18"]
[EventType "swiss"]
[EventRounds "13"]
[EventCountry "POL"]
[SourceTitle "CBM 108"]
[Source "ChessBase"]
[SourceDate "2005.09.26"]
[SourceVersion "1"]
[SourceVersionDate "2005.09.26"]
[SourceQuality "1"]

1. e4 c5 2. Nf3 d6 3. d4 cxd4 4. Nxd4 Nf6 5. Nc3 e6 6. f4 Nc6 7. Be3 a6 8. Qf3
Bd7 9. Bd3 Be7 10. g4 {Nisipeanu is rushing the advancement of his kingside
pawns, but black can strike back.} Nxd4 11. Bxd4 e5 $1 12. fxe5 (12. g5 exd4
13. gxf6 dxc3 14. fxe7 Qxe7 15. bxc3 Rc8 $17) 12... dxe5 13. Bxe5 Nxg4 14. Bg3
{Sensible retreat must be preffered to the risky grab of the g7 pawn.} (14.
Bxg7 Bh4+ 15. Kf1 Rg8 16. Bd4 Qc7 $15) 14... Qa5 (14... Bf6 $6 15. Nd5 Bxb2 16.
Nc7+ Kf8 17. O-O $14) 15. O-O O-O 16. Nd5 Rae8 (16... Bc5+ 17. Kh1 f6 18. c3
$14) 17. Kh1 (17. h3 Nf6 18. b4 Bxb4 19. Nxf6+ gxf6 $13) 17... Qc5 18. Rg1 (18.
b4 Qc6 19. e5 Qh6 20. c4 $14) 18... Bg5 19. Rae1 (19. b4 Qc6 20. Bc7 f5 $1 $15)
19... f5 $5 {[%mdl 64] Babula was under the impression, that his position is
better. The opening of the position with the courageous move 19...f5!?
unleashes the whole world of very complex tactical possibilities.} (19... f6
20. b4 Qc6 21. c4 Ne5 $11) 20. exf5 Ne3 (20... Be3 $5 21. Rg2 (21. Qxg4 Bxg1 (
21... Bc6 $2 22. c4 $1 (22. Qxg7+ Kxg7 23. Be5+ Kh6 (23... Kf7 $4 24. Rg7#) 24.
Bg7+ Kh5 25. Be2+ Kh4 26. Rg4+ Kh3 27. Rg3+ $11) 22... Bxd5+ (22... Bxg1 23.
Rxe8 Rxe8 24. f6 $18) 23. cxd5 Qxd5+ 24. Rg2 Qxd3 25. Be5 Rf7 26. Bxg7 Re4 27.
Qf3 Rxg7 28. Rd1 $18) (21... Qxd5+ 22. Rg2 b5 23. Bf2 Bh6 24. Be4 $14) 22. Rxe8
Bxe8 23. f6 g6 (23... Qxd5+ 24. Kxg1 Qd7 25. Bc4+ Kh8 26. Qxd7 Bxd7 27. f7 $18)
24. c4 Be3 $13) (21. Bd6 $2 Nf2+ (21... Qxd6 22. Rxg4 Bc6 23. c4 b5 24. b3 $14)
22. Qxf2 Qxd5+ 23. Qg2 Bc6 24. Qxd5+ Bxd5+ 25. Rg2 Bf4 26. Bb4 $15) (21. b4 $2
Qd4 22. Rgf1 Bc6 23. c4 Qxd3 (23... Nf6 24. Bc2 Nxd5 25. cxd5 Bxd5 26. Bb3 Bxb3
27. axb3 Qd3) 24. Qxg4 b5 $17) 21... Bc6 22. c4 (22. Qxg4 Bxd5 23. Bh4 Bxg2+
24. Qxg2 Qd4 $15) 22... Nf6 23. Be5 (23. Rxe3 Bxd5 $19) 23... Bxd5 (23... Rxe5
24. Qg3 Re7 25. b4 Nh5 26. Qg4 Qd6 27. Nxe7+ Qxe7 28. Qxh5 $16) 24. cxd5 Rxe5
25. Qg3 Re7 26. d6 Bf2 27. dxe7 Bxg3 28. exf8=Q+ Kxf8 29. hxg3 $11) 21. Bf2 (
21. c4 Bxf5 22. Bxf5 Rxf5 23. Qxf5 Nxf5 24. Rxe8+ Kf7 25. Re4 Nxg3+ 26. hxg3
Qf2 $11) 21... Bc6 $2 {Only this move is really wrong as white will be the one
benefitting from the pin along the a7-g1 diagonal.} (21... Qxd5 22. Qxd5+ (22.
Rxe3 Bc6 23. Rxg5 Qxf3+ 24. Rxf3 Bxf3+ 25. Kg1 Be2 $15) 22... Nxd5 23. Rxe8 (
23. Rxg5 Rxe1+ 24. Bxe1 h6 25. Rg3 Bxf5 $11) 23... Rxe8 24. Rxg5 Nf4 25. Bf1 h6
26. Rg3 Bxf5 27. c3 $11) 22. c4 Qd4 (22... Bh6 23. Rg3 Nxd5 24. Rxe8 Rxe8 25.
Bxc5 Nf4 26. Qxc6 bxc6 27. Bb4 $16) (22... Bxd5 23. cxd5 Bf4 24. d6 Qxd6 25.
Bxe3 Qxd3 26. Qxf4 Qd5+ 27. Rg2 $18) 23. Rxg5 Qxd3 (23... Nxd5 24. Rxe8 Ne3 25.
Be4 Rxe8 26. Bxc6 bxc6 27. f6 $18) 24. Bxe3 (24. Rxe3 Rxe3 25. Bxe3 $18) 24...
Qxc4 25. f6 $1 {Black is missing a piece and safety for his own king.} Re6 (
25... Bxd5 26. Qxd5+ Qxd5+ 27. Rxd5 Rxf6 28. Kg2 $18) (25... Rf7 26. Rd1 Bxd5
27. Qxd5 Qxd5+ 28. Rgxd5 Rxe3 29. Rd8+ Rf8 30. f7+ $18) (25... Rxf6 26. Rxg7+
$1 Kh8 27. Qxf6 Qxd5+ 28. Rg2#) 26. Rxg7+ Kh8 27. Rxh7+ $1 1-0

[Event "Rubinstein Memorial 32nd"]
[Site "Polanica Zdroj"]
[Date "1995.??.??"]
[Round "1"]
[White "Ehlvest, Jaan"]
[Black "Ftacnik, Lubomir"]
[Result "1-0"]
[WhiteElo "2630"]
[BlackElo "2580"]
[Annotator "Ftacnik,L"]
[PlyCount "87"]
[EventDate "1995.08.??"]
[EventType "tourn"]
[EventRounds "11"]
[EventCountry "POL"]
[EventCategory "14"]
[SourceTitle "CBM 049"]
[Source "ChessBase"]
[SourceDate "1995.12.01"]
[SourceVersion "1"]
[SourceVersionDate "1995.12.01"]
[SourceQuality "1"]

1. e4 c5 2. Nf3 d6 3. d4 cxd4 4. Nxd4 Nf6 5. Nc3 a6 6. f4 e6 7. Be3 b5 8. Qf3
Bb7 9. Bd3 Nbd7 10. g4 b4 11. Nce2 Nc5 12. Ng3 Nfd7 13. O-O g6 14. a3 bxa3 15.
b4 Nxd3 16. cxd3 Bg7 17. Rxa3 O-O 18. Ra2 (18. Rc1 Rc8 19. Rac3 Rxc3 20. Rxc3
e5 21. Nc6 Bxc6 22. Rxc6 exf4 23. Bxf4 Ne5 24. Bxe5 dxe5 25. Kg2 {Weigler,
A-Vogt,L/SWZ-chT/1993/0-1 (36)}) 18... e5 19. Ndf5 $6 (19. Nde2 d5 $132) 19...
exf4 (19... gxf5 20. Nxf5 exf4 21. Qxf4 (21. Bxf4 Ne5) 21... Be5 22. Qf3 $40)
20. Bxf4 Ne5 $6 (20... gxf5 $1 21. Nxf5 Ne5 22. Qh3 f6 (22... Re8 23. Nxg7 Kxg7
24. Raf2 $40) 23. Nxg7 (23. Raf2 Rf7 24. d4 Nc4 $17) 23... Kxg7 24. Bh6+ Kh8
25. Bxf8 Qb6+ 26. Raf2 Rxf8 $17) 21. Bxe5 Bxe5 (21... dxe5 22. Nxg7 Kxg7 23.
Qe3 f6 24. Raf2 Rc8 (24... Qd6 25. g5 fxg5 26. Qxg5 Rxf2 27. Rxf2 $36) 25. g5
Rc6 $13) 22. Nh6+ Kg7 23. Qe3 d5 $2 (23... Bf6 24. Raf2 Bg5 25. Rxf7+ Rxf7 26.
Rxf7+ Kxh6 27. Qd4 Qg8 (27... Qh8 28. Nf5+ $1 gxf5 29. Qxd6+ $18) 28. Rxb7 $18)
(23... a5 $1 24. Raf2 f6 25. d4 (25. Ne2 axb4 26. d4 Qb6 27. Qd2 (27. g5 Ra3)
27... Bxe4 28. dxe5 dxe5 $13) (25. g5 axb4 (25... fxg5 $2 26. Rf7+ Rxf7 27.
Rxf7+ Kh8 (27... Kxh6 28. Nf5+ gxf5 29. Qh3+ Kg6 30. Qxh7#) 28. Rxb7 $18) 26.
d4 (26. Ng4 $6 Qd7 $1 27. gxf6+ (27. Nxf6 Qe7) 27... Kh8 $14) (26. gxf6+ Rxf6
27. Rxf6 Bxf6 28. Ng4 Bc3 $13) 26... Ra3 (26... Qb6 27. gxf6+ Bxf6 (27... Rxf6
$2 28. Rxf6 Bxf6 29. Nh5+ $1 gxh5 30. Qg3+ Kf8 31. Rxf6+ $18)) 27. Qd2 Bxg3 28.
Rxf6 Rxf6 29. gxf6+ (29. Rxf6 Bxe4 $17) 29... Kf8 30. Ng4 $40) 25... Qb6 $1 (
25... Bxg3 26. hxg3 axb4 27. g5 Ra3 28. gxf6+ Qxf6 (28... Rxf6 29. Qg5 Rxg3+
30. Qxg3 Rxf2 31. Rxf2 Kxh6 32. Rf7 $18) 29. Rxf6 Rxe3 30. Rxf8 Kxh6 31. Kf2
Rxe4 32. Rb8 $16) 26. Nhf5+ (26. bxa5 Rxa5) 26... gxf5 27. Nxf5+ Kh8 28. dxe5 (
28. Qh6 Rg8 29. dxe5 Rxg4+ 30. Ng3 Rg6 $17) 28... Qxe3 29. Nxe3 dxe5 30. bxa5
$10) 24. Raf2 f6 (24... dxe4 25. Rxf7+ Rxf7 26. Rxf7+ Kh8 27. Rxb7 Bd4 28. Nf7+
Kg8 29. Nxd8 Bxe3+ 30. Kf1 Rxd8 31. Nxe4 $16) 25. d4 $1 Qb6 (25... Bxg3 26.
hxg3 dxe4 27. g5 f5 28. d5 $1 $18 (28. g4 $16)) 26. Nhf5+ gxf5 27. Nxf5+ Kh8 (
27... Kg8 28. Qh6 Rf7 29. dxe5 dxe4 30. Qh5 Rd7 31. exf6 $18) 28. dxe5 (28. Qh6
Rg8 $1) 28... Qxe3 29. Nxe3 Rfe8 $6 (29... d4 $1 30. Nc4 $1 (30. Nd5 $6 Bxd5 $1
31. exd5 Rfd8 32. exf6 (32. Rxf6 Rxd5 33. e6 Re5 $13) 32... Rxd5 $14) 30... Rg8
31. Nd6 fxe5 (31... Rxg4+ 32. Rg2 Rxg2+ 33. Kxg2 Bxe4+ 34. Nxe4 fxe5 35. Rf7
$18) 32. Nxb7 Rxg4+ 33. Kh1 (33. Rg2 Rag8 34. Rxg4 Rxg4+ 35. Kf2 Rxe4 $14)
33... Rb8 34. Nd6 $18) 30. Nf5 $1 (30. Nxd5 Bxd5 31. exd5 Rxe5 $132) 30... Rxe5
(30... fxe5 31. Nd6 Reb8 (31... Re7 32. Rf8+ Rxf8 33. Rxf8+ Kg7 34. Rb8 Bc6 35.
Nf5+ $18) 32. Rf7 Bc6 33. Rc7 Bb5 34. Rff7 $18) 31. Nd6 Re7 32. Rxf6 d4 (32...
dxe4 33. Rf8+ Rxf8 34. Rxf8+ Kg7 35. Rb8 $18) 33. Rf7 $1 Rxf7 34. Rxf7 Bc6 35.
Rc7 Ba4 (35... d3 36. Nf7+ (36. Kf2 $5 $18) 36... Kg8 37. Nh6+ Kf8 38. Rxc6 $18
) 36. Kf2 Rb8 (36... Rf8+ 37. Ke2 Rf4 38. Kd3 Rxg4 $2 39. Nf7+ $18) 37. Rc4 d3
38. Ke3 Bd1 (38... Bb5 39. Rd4 $18) 39. e5 Bb3 40. Rf4 Kg7 41. Kxd3 h5 42. Kc3
(42. g5 h4 43. Kc3 Bg8) 42... Ba2 43. g5 h4 44. Rf6 $1 (44. Rxh4 Kg6 45. Rg4
Be6 46. Rg2 Rh8 $16) (44. Rf6 $1 Bb1 45. e6 Bg6 46. e7 $18) 1-0

[Event "Interzonal-16"]
[Site "Biel"]
[Date "1993.??.??"]
[Round "3"]
[White "Rogers, Ian"]
[Black "Ehlvest, Jaan"]
[Result "1-0"]
[WhiteElo "2595"]
[BlackElo "2620"]
[Annotator "Ftacnik,L"]
[PlyCount "71"]
[EventDate "1993.07.16"]
[EventType "swiss"]
[EventRounds "13"]
[EventCountry "SUI"]
[SourceTitle "CBM 037"]
[Source "ChessBase"]
[SourceDate "1993.12.01"]
[SourceVersion "1"]
[SourceVersionDate "1993.12.01"]
[SourceQuality "1"]

1. e4 {Wolff} c5 2. Nf3 d6 3. d4 cxd4 4. Nxd4 Nf6 5. Nc3 a6 6. f4 e6 7. Qf3 Qc7
(7... Nbd7 $6 {Wolff} 8. Bd3 g6 9. Nb3 Bg7 10. Be3 O-O 11. g4 (11. O-O-O $142
$1 $14) 11... Rb8 $6 (11... b5 $5 12. e5 Nd5 13. Nxd5 (13. Be4 Nxe3 14. Bxa8
Nxc2+) 13... exd5 14. Qxd5 (14. exd6 Bxb2) 14... Rb8 15. Qxd6 Qh4+ 16. Bf2 Qxg4
$44) 12. h4 b5 13. h5 Bb7 14. hxg6 hxg6 15. O-O-O b4 16. Ne2 a5 17. g5 Nh5 {
Polgar,J-Hellers,F Biel izt (5) 1993} 18. Rxh5 $1) (7... Qb6 {Wolff} 8. a3 Nc6
9. Nxc6 Qxc6 $5 10. Bd3 b5 11. O-O Bb7 12. b4 $6 g6 13. a4 Bg7 14. e5 Qc7 15.
exd6 Qc8 16. d7+ Qxd7 17. Qh3 Qd4+ 18. Be3 Qxc3 19. axb5 O-O $19 {Gurevich,
D-Xu Jun Biel izt (8) 1993}) 8. g4 b5 9. g5 b4 (9... Nfd7 10. Be3 (10. a3 Nc6 (
10... Bb7 11. Bg2 g6 12. Qf2 Nc6 13. Nde2 h6 14. f5 Nde5 15. fxe6 fxe6 16. Qf6
Bg7 17. Qxe6+ Qe7 18. Qxe7+ Nxe7 19. gxh6 Bxh6 20. Bxh6 Rxh6 21. O-O-O Kd7 22.
Nf4 Rah8 23. h3 g5 24. Nd3 $14 {Smyslov,V-Kamsky,G/New York op (7)/1989/}) 11.
Be3 Bb7 12. Bh3 b4 13. axb4 Nxb4 14. O-O Nc5 15. Rad1 g6 16. Rd2 Be7 17. Rdf2
d5 18. e5 Ne4 19. Nxe4 dxe4 20. Qg3 Bc5 21. Nb3 Bxe3 22. Qxe3 Rc8 23. Nd4 O-O
24. Bg2 $14 {Timman,J-Hjartarson,J/Belfort WCup/1988/}) (10. Bd3 Bb7 11. Be3
Nc6 12. Nxc6 Bxc6 13. O-O-O Qb7 14. Rhe1 Be7 15. h4 O-O 16. h5 b4 17. Ne2 d5
18. Ng3 Rfc8 19. Re2 b3 20. axb3 dxe4 21. Bxe4 Bc5 22. Kb1 Bxe3 23. Qxe3 Nb6
24. g6 $16 {Almasi,Z-Unver,K/Budapest Spring op/1992/}) 10... Bb7 11. O-O-O b4
12. Nce2 Nc5 13. Ng3 $13) 10. Ncb5 axb5 11. gxf6 gxf6 (11... Nd7 $5) 12. f5 $1
$146 (12. Bxb5+ Bd7 13. Bd3 Qb7 14. Rg1 Na6 15. f5 e5 16. Nb3 Nc5 17. Nxc5 dxc5
18. Bc4 Bc6 19. Rg4 Bb5 20. Bd5 Bc6 21. Be3 Bxd5 22. exd5 Rd8 23. Rd1 Qa6 24.
Qe2 $16 {Lau,R-Schuh,H/FRG-ch/1987/}) 12... exf5 $2 (12... e5 13. Nxb5 Qc6 14.
c4 $14) 13. Bxb5+ Bd7 14. Qxf5 Nc6 (14... Ra5 15. Qxf6 Rg8 16. Ne6 $1 Qb6 (
16... fxe6 17. Qxe6+ Kd8 18. Qxg8 $18) 17. Rf1 $18) 15. Bxc6 $1 (15. Qxf6 Nxd4
$1 $13 (15... Rg8 $2 16. Rf1 $1 Rg7 17. Bxc6 Bxc6 18. Ne6 $1 $18)) 15... Bxc6
16. Bd2 $6 (16. Rg1 $1 Be7 17. Nxc6 Qxc6 18. Be3 $1 $16 Qxc2 $140 19. Qb5+ Kd8
20. Bb6+ Kc8 21. Rg2 $1 Qxe4+ 22. Re2 Qh1+ 23. Kd2 Qb7 24. Rc1+ Kb8 25. Rxe7
Qxe7 26. Bc7+ Kc8 27. Ba5+ $18) 16... Ra5 $1 17. Qxf6 Rg8 18. Bxb4 Bxe4 $1 (
18... Bg7 19. Ne6 $1 $18) 19. Rf1 Re5 $6 (19... Rd5 $1 20. Ne6 (20. O-O-O $2
Rxd4 $1) (20. Rd1 Bg7 21. Qf4 Bxd4 22. Qxe4+ Re5) 20... fxe6 21. Qxe6+ Qe7 22.
Qc8+ Qd8 23. Qe6+ $10) 20. O-O-O Rg6 (20... Qc4 21. Bxd6 Bxd6 22. Qxd6 $18) 21.
Qh8 Rg2 22. Bc3 (22. Rd2 $2 Qc4 23. Bxd6 Qxf1+ 24. Rd1 Qf4+ 25. Kb1 Rd2 26.
Qxf8+ Kd7 27. Rc1 Bxc2+ 28. Nxc2 Rxd6 $17) 22... f5 23. Rg1 Rxh2 (23... Qg7 24.
Qxg7 Rxg7 (24... Bxg7 25. Rxg2 Bxg2 26. Nxf5 Rxf5 27. Bxg7 $16) 25. Ne2 Rxg1
26. Rxg1 Bh6+ 27. Bd2 Bxd2+ 28. Kxd2 Bxc2 29. Rg7 $16) 24. Kb1 Rg2 $2 (24...
Qf7 25. Ka1 $1 $40 (25. Nf3 $2 Bxc2+ (25... Bxf3 26. Bxe5 dxe5 27. Qxe5+ Qe7
28. Qb5+ Kf7 29. Rd7 $18) 26. Ka1 Re7 27. Nxh2 $2 Qxa2+ $3 28. Kxa2 Ra7+)) 25.
Rxg2 Bxg2 26. Nxf5 $1 Rxf5 27. Re1+ Kd8 (27... Kf7 28. Qxh7+) (27... Kd7 28.
Qxh7+ $18) (27... Re5 28. Bxe5 dxe5 29. Rxe5+ Kd7 30. Qxh7+ Kc6 31. Qg6+ $18)
28. Bf6+ Kc8 (28... Rxf6 29. Qxf6+ Be7 30. Qh8+ Kd7 31. Qg7 $18) 29. Qxf8+ Kb7
30. b3 Rf1 31. Rxf1 Bxf1 32. Bd8 Qd7 33. Qxf1 Qxd8 34. Qh1+ Kb6 35. Qxh7 Qf6
36. Qd3 1-0